A interação entre tribunais e democracia por meio do acesso aos direitos e à justiça : (Record no. 957)

MARC details
000 -LÍDER
Campo Fixo de Controle 00984nam a2200277 a 4500
001 - NÚMERO DE CONTROLE
Campo de Controle 957
003 - IDENTIFICAÇÃO DO NÚMERO DE CONTROLE
Campo de Controle BR-CuiBMT
005 - DATA E HORA DA ÚLTIMA ATUALIZAÇÃO
Campo de Controle 20231128211539.0
008 - DADOS FIXOS
Dados Fixos 231123s2013 dfba 000 0 por d
020 ## - INTERNATIONAL STANDARD BOOK NUMBER
Nº do ISBN 9788582960004
040 ## - AGÊNCIA CATALOGADORA
Código da Agência Catalogadora BR-CuiBMT
Agência que transcreveu o registro BR-CuiBMT
080 ## - Nº DA CLASSIFICAÇÃO DECIMAL UNIVERSAL
Nº edição CDU 2007
Nº Class. CDU 347.96:321.7
090 ## - NÚMERO DE CHAMADA
Nº classificação 347.96:321.7
Cutter B664i
100 1# - ENTRADA PRINCIPAL -- AUTOR PESSOAL
Nome pessoal Bochenek, Antônio César
245 12 - TÍTULO PRINCIPAL
Título principal A interação entre tribunais e democracia por meio do acesso aos direitos e à justiça :
Subtítulo análise de experiências dos juizados especiais federais cíveis brasileiros /
Indicação de responsabilidade Antônio César Bochenek.
260 ## - PUBLICAÇÃO, DISTRIBUIÇÃO, ETC.
Local de publicação Brasília :
Editora CJF,
Data 2013.
300 ## - DESCRIÇÃO FÍSICA
N. páginas ou volumes 561 p. :
Ilustrações il. ;
Dimensões 23 cm
490 1# - INDICAÇÃO DE SÉRIE
Título da série Série monografias do CEJ ;
Volume/designação sequencial da série v. 15
504 ## - NOTA DE BIBLIOGRAFIA, ETC.
Nota de bibliografia Inclui bibliografia.
650 ## - ASSUNTO TÓPICO
Cabeçalho tópico ou nome geográfico Juizados especiais federais
Subdivisão geral Estudo de casos
Subdivisão geográfica Brasil
650 ## - ASSUNTO TÓPICO
Cabeçalho tópico ou nome geográfico Tribunais
Subdivisão geral Estudo de casos
Subdivisão geográfica Brasil
650 ## - ASSUNTO TÓPICO
Cabeçalho tópico ou nome geográfico Democracia
650 ## - ASSUNTO TÓPICO
Cabeçalho tópico ou nome geográfico Acesso à justiça
830 #0 - ENTRADA SECUNDÁRIA DE SÉRIE -- TÍTULO UNIFORME
Título uniforme Monografias do CEJ ;
Nº do volume/designação sequencial da série 15
942 ## - ELEMENTOS DE ENTRADA ADICIONAIS (KOHA)
Fonte de classificação ou esquema de arquivamento Classificação Decimal Universal
Tipo de item do Koha Livros
Holdings
Estado: removido Estado: perdido Fonte de classificação ou esquema de arquivamento Estado: danificado Indisponível para empréstimo Localização permanente Localização atual Data de aquisição Total Checkouts Número de Chamada completo Código de barras Date last seen Número do exemplar Preço efetivo a partir de Tipo de item (Koha)
    Classificação Decimal Universal     Biblioteca da Escola Superior de Contas do TCE/MT Biblioteca da Escola Superior de Contas do TCE/MT 23/11/2023   347.96:321.7 B664i BIBTCEMT23111014 23/11/2023 Ex. 1 23/11/2023 Livros

Powered by Koha